The design, comparison and complexity analysis of various techniques for a MIMO OFDM system and to develop a technique that in terms of complexity and performance gives the most optimum results / (Record no. 182568)
[ view plain ]
| 000 -LEADER | |
|---|---|
| fixed length control field | 00912 a2200193 4500 |
| 003 - CONTROL NUMBER IDENTIFIER | |
| control field | NUST |
| 005 - DATE AND TIME OF LATEST TRANSACTION | |
| control field | 20251117165436.0 |
| 040 ## - CATALOGING SOURCE | |
| Transcribing agency | Nust |
| 082 ## - DEWEY DECIMAL CLASSIFICATION NUMBER | |
| Classification number | 621.382,RAS |
| 100 ## - MAIN ENTRY--PERSONAL NAME | |
| Personal name | Ehsan, NC Rashid (TCC-15B) |
| 9 (RLIN) | 131924 |
| 245 ## - TITLE STATEMENT | |
| Title | The design, comparison and complexity analysis of various techniques for a MIMO OFDM system and to develop a technique that in terms of complexity and performance gives the most optimum results / |
| Statement of responsibility, etc. | NC Ehsan Rashid , NC Ibrahim Bilal , NC Sohail Shah and NC Mohammad Hasnain |
| 260 ## - PUBLICATION, DISTRIBUTION, ETC. | |
| Place of publication, distribution, etc. | Rawalpindi |
| Name of publisher, distributor, etc. | MCS (NUST) |
| Date of publication, distribution, etc. | 2007 |
| 300 ## - PHYSICAL DESCRIPTION | |
| Extent | iv, 56 p.; |
| 505 ## - FORMATTED CONTENTS NOTE | |
| Formatted contents note | Introduction (Page-1), Multi-Antenna Link: Signal Model and SDM Technique (Page-11), Orthogonal Frequency Division Multiplexing (OFDM), MIMO Combined With OFDM (Page-55). |
| 650 ## - SUBJECT ADDED ENTRY--TOPICAL TERM | |
| Topical term or geographic name entry element | UG Projects |
| 9 (RLIN) | 98716 |
| 651 ## - SUBJECT ADDED ENTRY--GEOGRAPHIC NAME | |
| Geographic name | TCC-15B |
| 9 (RLIN) | 131923 |
| 700 ## - ADDED ENTRY--PERSONAL NAME | |
| Personal name | Supervised by Asst Prof Maj (R) Fazal Ahmed |
| 9 (RLIN) | 131878 |
| 942 ## - ADDED ENTRY ELEMENTS (KOHA) | |
| Source of classification or shelving scheme | |
| Koha item type | Project Report |
| Withdrawn status | Lost status | Source of classification or shelving scheme | Damaged status | Not for loan | Permanent Location | Current Location | Shelving location | Date acquired | Full call number | Barcode | Date last seen | Price effective from | Koha item type | Public note |
|---|---|---|---|---|---|---|---|---|---|---|---|---|---|---|
| Military College of Signals (MCS) | Military College of Signals (MCS) | Reference | 12/12/2016 | 621.382,RAS | MCSPTC-84 | 12/08/2016 | 12/12/2016 | Project Report | Almirah No. 94, Shelf No. 2 |
